000 00791nam a22001937a 4500
999 _c59338
_d59338
003 Ge_BSU
005 20230124172845.0
008 230124s2022 ge ||||| |||| 00| 0 geo d
041 _ageo
080 _a94(479.22) მ-99
100 _aმსხალაძე, სულხან
_916775
245 _aგოირგი სააკაძე და საქართველო /
_cსულხან მსხალაძე; რედ. როინ მალაყმაძე.
264 _aბათუმი,
_c2022.
300 _a159 გვ.
_b21 სმ.
504 _aბიბლიოგრ. გვ. 152-159
653 _aგოირგი სააკაძე
700 _aმალაყმაძე, როინ
_eრედაქტორი
_916776
942 _2udc
_cBK